000 00893nam a22001937a 4500
003 OSt
005 20181101090738.0
008 180307b xxu||||| |||| 00| 0 spa d
040 _cPJ
100 _92227
_aScotti, Edgardo O.
245 1 0 _aDerecho registral inmobiliario :
_bModalidades y efectos de las observaciones registrales/
_cEdgardo O. Scotti; prologo de Alberto D. Molinario.
260 _aBuenos Aires :
_bUniverdad;
_c1980.
300 _a235 p.;
_c23 cm.
504 _aBibliografía: p 221-226.
505 _aPrincipio de legalidad -- Función de calificación -- Amplitud y limites -- Modalidades y recaudos de la calificación -- Desistimiento -- Aspectos calificables -- Efectos de la calificación -- Revisión de la calificación -- Documentos judiciales.
650 0 _9352
_aDERECHO CIVIL
650 0 _91821
_aDERECHOS REALES
942 _2udc
_cLIB
_h347..235
_iSCO
999 _c1485
_d1485